Statistics for Sheffield Wednesday: The Premier League Years

Click here to take the quiz!

General Stats

  • This quiz has been taken 39 times
  • The average score is 15 of 24

Answer Stats

Answer% Correct
Benito Carbone
87%
Paolo Di Canio
87%
Trevor Francis
87%
David Hirst
83%
Danny Wilson
80%
Chris Waddle
77%
David Pleat
77%
Mark Bright
77%
Kevin Pressman
73%
Des Walker
70%
Nigel Worthington
70%
Nigel Pearson
67%
Chris Woods
60%
Ron Atkinson
60%
Peter Atherton
57%
Andy Booth
50%
Gilles De Bilde
50%
Ian Nolan
47%
Peter Shreeves
47%
Wim Jonk
47%
Mark Pembridge
40%
Niclas Alexandersson
40%
Marc Degryse
33%
Emerson Thome
30%

Score Distribution

Percentile by Number Answered

Percent of People with Each Score

Your Score History

You have not taken this quiz